000 00371nam a2200157Ia 4500
005 20250704021331.0
008 240331s9999 xx 000 0 und d
020 _a9552005442
082 _bPAR
_a954
100 _aParanavitharana,K.D
245 0 _aGalu puranaya
260 _aColombo
_bS. Godage & Brothers
_c1991
300 _a80 p .,
650 _aHistory
942 _cL
999 _c5339
_d5339